000 01132nam a2200253Ia 4500
001 18532
003 GE_BSU
008 181216s||||||||xx |||||||||||||| ||und||
020 _aISBN 978-9941-21-545-2
040 _cGE_BSU
080 _a821.11-31
100 _aორუელი, ჯორჯ.
245 _aტ. 1. ცხოველების ფერმა : [რომანი] ; პატივი კატალონიას : [დოკუმენტ. მოთხრობა]
245 _bრჩეული ნაწარმოებები : 2 ტომად
245 _cმთარგმნ. დათო აკრიანი; რედ.: ლია შარვაშიძე, ნინო დეკანოსიძე;სარედ. ჯგუფი: ზურაბ აბაშიძე [და სხვ.].
260 _aთბილისი
260 _bპალიტრა L
260 _c2014
300 _a376 გვ.20სმ.
541 _h9ლ.20თ.
653 _aდოკუმენტური მოთხრობა
653 _aრომანი
942 _cBK
999 _c51541
_d51541